Špecifiká financovania malých a stredných podnikov bakalárska práca

Salvato in:
Dettagli Bibliografici
Autore principale: Bumbáková, Dominika
Ente Autore: Fakulta podnikového manažmentu EU. Katedra podnikových financií
Altri autori: Tóthová, Alena, 1968-
Natura: Libro
Lingua:slovacco
Pubblicazione: Bratislava 2020
Tags: Aggiungi Tag
Nessun Tag, puoi essere il primo ad aggiungerne!!

MARC

LEADER 00000nbm a2200000 4500
001 0265954
005 20201123110912.7
041 0 |a slo 
044 |a SK 
245 1 0 |a Špecifiká financovania malých a stredných podnikov  |b bakalárska práca  |c Dominika Bumbáková ; školiteľ: Alena Tóthová 
264 1 |a Bratislava  |c 2020 
300 |a 51 s. 
100 1 |a Bumbáková, Dominika 
700 1 |a Tóthová, Alena, 1968- 
710 2 |a Fakulta podnikového manažmentu EU. Katedra podnikových financií